000 00958nam a2200229 i 4500
001 157377
003 ES-MaACL
005 20250907063117.0
008 931025s1891 fr c |||| | fre d
100 0 _aLe Play, Frédéric,
_d1806-1882
_970910
245 1 0 _aEconomie sociale /
_cF. Le Play ; [prologue de] Auburtin.
260 _aParis :
_bGuillaumin et Cie,
_c[1891] (
_eCorbeil :
_fImp. Crété)
300 _aLXXIV, 252 p., [1] h. de retr. ;
_c15 cm.
490 1 _aPetite bibliothèque économique française et étrangère
596 _aCatalogue Génèral des Livres Imprimés de la Bibliothèque Nationale de Paris, t. XCV, p. 353 da como fecha 1891.
599 _aRetrato de F. Le Play.
650 0 7 _aEconomía social
_2embne
_912036
700 1 _aAuburtin, Fernand.
_9125744
830 0 _aPetite bibliothèque économique française et étrangère
_9221778
852 _aES-MaACL
_jD-3364
_z- Enc. tela
999 _c157377
_d157377